000 00576nam a2200253Ia 4500
005 20260306154451.0
008 008 260114s9999 xx 000 0 eng d
020 _a9781009324885
037 _aEBOOK
040 _aCRL
040 _beng
040 _cCRL
041 _2eng
041 _aeng
084 _qCRL
100 _aCorrigan
245 2 _aA Less Familiar Plato
260 _bCambridge University Press
260 _c2023
650 _a Philosophy
856 _uhttps://doi.org/10.1017/9781009324885
942 _cEBOOK
999 _c1707629
_d1707629